Statystyki dla Miasta goszczące Mistrzostwa Świata

Kliknij tutaj aby rozwiązać quiz!

Ogólne statystyki

  • Ten quiz został rozwiązany 40 razy
  • Średni wynik to 74 z 209

Statystyki odpowiedzi

RokGospodarzOdpowiedź% Poprawnych
1998FrancjaParyż
94%
1938FrancjaParyż
94%
1934WłochyRzym
94%
1990WłochyRzym
94%
1982HiszpaniaMadryt
91%
2018RosjaMoskwa
91%
1974RFNBerlin
88%
2006NiemcyBerlin
88%
1966AngliaLondyn
88%
1966AngliaManchester
88%
1990WłochyMediolan
88%
1934WłochyMediolan
88%
2006NiemcyMonachium
88%
1974RFNMonachium
88%
1982HiszpaniaBarcelona
85%
1974RFNDortmund
85%
2006NiemcyDortmund
85%
1998FrancjaMarsylia
85%
1938FrancjaMarsylia
85%
1986MeksykMeksyk
85%
1970MeksykMeksyk
85%
2026MeksykMeksyk
85%
1954SzwajcariaBerno
82%
2026USALos Angeles (Inglewood)
82%
1994USALos Angeles (Pasadena)
82%
2002Korea PołudniowaSeul
82%
1958SzwecjaSztokholm
82%
1934WłochyTuryn
82%
1990WłochyTuryn
82%
1978ArgentynaBuenos Aires
79%
1990WłochyNeapol
79%
1934WłochyNeapol
79%
2014BrazyliaRio de Janeiro
79%
1950BrazyliaRio de Janeiro
79%
2006NiemcyHamburg
76%
1974RFNHamburg
76%
1994USANowy Jork (East Rutherford)
76%
2026USANowy Jork (East Rutherford)
76%
1998FrancjaLyon
74%
2014BrazyliaBrasilia
71%
1930UrugwajMontevideo
71%
1982HiszpaniaSewilla
71%
1966AngliaLiverpool
68%
2018RosjaPetersburg
68%
2014BrazyliaSao Paulo
68%
1950BrazyliaSao Paulo
68%
1958SzwecjaMalmo
65%
2026USAMiami
65%
1982HiszpaniaWalencja
65%
1954SzwajcariaZurych
65%
2006NiemcyKolonia
62%
1962ChileSantiago
62%
1994USAWaszyngton
62%
1938FrancjaBordeaux
59%
1998FrancjaBordeaux
59%
2022KatarDoha
59%
1990WłochyFlorencja
59%
1934WłochyFlorencja
59%
2006NiemcyLipsk
59%
2018RosjaSoczi
59%
1966AngliaBirmingham
56%
1974RFNFrankfurt
56%
2006NiemcyFrankfurt
56%
2026KanadaToronto
56%
1994USAChicago
53%
1954SzwajcariaGenewa
53%
1958SzwecjaGoteborg
53%
2010RPAJohannesburg
53%
2002JaponiaOsaka
53%
1990WłochyPalermo
53%
1982HiszpaniaBilbao
47%
1990WłochyGenua
47%
1934WłochyGenua
47%
2018RosjaKazań
47%
1938FrancjaLille
47%
2026USASan Francisco (Santa Clara)
47%
1994USASan Francisco (Stanford)
47%
1974RFNStuttgart
47%
2006NiemcyStuttgart
47%
2010RPAKapsztad
41%
2010RPAPretoria
41%
2026USAFiladelfia
38%
1954SzwajcariaBazylea
35%
1990WłochyCagliari
35%
1974RFNDusseldorf
35%
2026USAHouston
35%
1998FrancjaNantes
35%
1938FrancjaStrasburg
35%
1994USADallas
32%
2026USADallas (Arlington)
32%
1998FrancjaLens
32%
1982HiszpaniaMalaga
32%
1990WłochyWerona
32%
1990WłochyBolonia
29%
1934WłochyBolonia
29%
1986MeksykGuadalajara
29%
1970MeksykGuadalajara
29%
2026MeksykGuadalajara
29%
1938FrancjaTuluza
29%
1998FrancjaTuluza
29%
2026KanadaVancouver
29%
2026USAAtlanta
26%
1990WłochyBari
26%
1994USABoston (Foxborough)
26%
2026USABoston (Foxborough)
26%
2014BrazyliaManaus
26%
2018RosjaNiżny Nowogród
26%
1982HiszpaniaSaragossa
26%
2006NiemcyGelsenkirchen
24%
1974RFNGelsenkirchen
24%
2018RosjaJekaterynburg
24%
2026MeksykMonterrey
24%
1986MeksykMonterrey
24%
2006NiemcyNorymberga
24%
2002Korea PołudniowaPusan
24%
1966AngliaSheffield
24%
1982HiszpaniaVigo
24%
2018RosjaWołgograd
24%
1950BrazyliaBelo Horizonte
21%
2014BrazyliaBelo Horizonte
21%
1994USADetroit (Pontiac)
21%
2006NiemcyHanower
21%
1974RFNHanower
21%
2002JaponiaJokohama
21%
1950BrazyliaKurytyba
21%
2014BrazyliaKurytyba
21%
1954SzwajcariaLozanna
21%
1978ArgentynaRosario
21%
2018RosjaRostów
21%
2018RosjaSamara
21%
2002JaponiaSapporo
21%
1982HiszpaniaLa Coruna
18%
1998FrancjaMontpellier
18%
1994USAOrlando
18%
1998FrancjaSaint-Etienne
18%
2010RPADurban
15%
2014BrazyliaSalvador
15%
1978ArgentynaCordoba
12%
2014BrazyliaFortaleza
12%
2002JaponiaKobe
12%
2018RosjaKrólewiec
12%
1954SzwajcariaLugano
12%
2022KatarLusail
12%
1950BrazyliaPorto Alegre
12%
2014BrazyliaPorto Alegre
12%
1950BrazyliaRecife
12%
2014BrazyliaRecife
12%
1938FrancjaReims
12%
1982HiszpaniaAlicante
9%
2010RPAPort Elizabeth
9%
1934WłochyTriest
9%
1990WłochyUdine
9%
1938FrancjaHawr
6%
1958SzwecjaHelsingborg
6%
2006NiemcyKaiserslautern
6%
2026USAKansas City
6%
1986MeksykLeon
6%
1970MeksykLeon
6%
1978ArgentynaMendoza
6%
2010RPANelspruit
6%
1958SzwecjaNorrkoping
6%
1970MeksykToluca
6%
1986MeksykToluca
6%
1982HiszpaniaValladolid
6%
2022KatarAl-Chaur
3%
2022KatarAl-Wakra
3%
1962ChileArica
3%
2022KatarAr-Rajjan
3%
2010RPABloemfontein
3%
2014BrazyliaCuiaba
3%
2002Korea PołudniowaDaegu
3%
1982HiszpaniaElche
3%
1982HiszpaniaGijon
3%
2014BrazyliaNatal
3%
1982HiszpaniaOviedo
3%
2010RPAPolokwane
3%
1986MeksykPuebla
3%
1970MeksykPuebla
3%
2018RosjaSaransk
3%
1966AngliaSunderland
3%
1958SzwecjaVasteras
3%
1938FrancjaAntibes
0%
1958SzwecjaBoras
0%
2002Korea PołudniowaDaejeon
0%
1958SzwecjaEskilstuna
0%
2002Korea PołudniowaGwangju
0%
1958SzwecjaHalmstad
0%
2002JaponiaIbaraki
0%
2002Korea PołudniowaInczon
0%
1986MeksykIrapuato
0%
2002Korea PołudniowaJeonju
0%
1978ArgentynaMar del Plata
0%
1966AngliaMiddlesbrough
0%
1986MeksykNezahualcoyotl
0%
2002JaponiaNiigata
0%
2002JaponiaOita
0%
1958SzwecjaOrebro
0%
1986MeksykQueretaro
0%
1962ChileRancagua
0%
2002JaponiaRifu
0%
2010RPARustenburg
0%
2002JaponiaSaitama
0%
1958SzwecjaSandviken
0%
2002Korea PołudniowaSeogwipo
0%
2002JaponiaShizuoka
0%
2002Korea PołudniowaSuwon
0%
1958SzwecjaUddevalla
0%
2002Korea PołudniowaUlsan
0%
1962ChileVina del Mar
0%

Rozkład punktacji

Percentyl według liczby udzielonych odpowiedzi

Procent ludzi z każdym wynikiem

Twoja historia wyników

Nie rozwiązałeś tego quizu